000 00668nam a2200181Ia 4500
008 100920s9999 xx 000 0 und d
082 _b86937
_a24 न 02
100 _aजौहरी रश्मी स्वरुप.
245 _aलाल फूलों वाला पेड.
260 _bसूचना और प्रसारण मन्त्रालय, भारत सरकार.
_c2002
300 _a67
_bसाधी
365 _b45
520 _aसायो.
630 _aलाल फूलों वाला पेड.
650 _aसायो.
730 _aलाल फूलों वाला पेड.
942 _cBOOK
999 _c727447
_d727444